000 01302cam a22002175a 4500
001 L142210
008 070425e20080728xxkd f s 000 0 eng d
035 _a(Sirsi) u142210
041 0 _aeng
110 2 _aEstates Gazette
_9298
245 0 0 _aLondon office market analysis
_bissue 4 Oct-Dec 2007
260 _c2008
490 0 _aEstates Gazette
_v(0803) 26 January 2008, 83-100(18)
490 0 _aEstates Gazette London Office Market Analysis
_vissue 4 Oct-Dec 2008, 1-17(18)
520 _aDiscusses take up, supply, availability rates, asking rents and construction trends for various locations within London. Reports that the fallout from the US sub-prime financial markets which took effect in the UK in Q3 continued during Q4. Takeup levels dropped dramatically and investment activity has been affected. Confidence has been hit among property developers. Lenders are now more risk conscious and an effect upon real estate pricing is expected. Tables show top London occupiers, the central London agents market share league, agents market share by market, key transactions and summary statistics.
590 _aKA
650 2 4 _aESTATES GAZETTE LONDON OFFICES MARKET ANALYSIS
651 4 _aLondon
690 _aPROPERTY-COMMERCIAL PROPERTY-OFFICE PROPERTY-OFFICE PROPERTY MARKET
942 _n0
999 _c79740
_d79740